000 01112nam a2200277 i 4500
001 22166
003 ES-MaACL
005 20230906152635.0
007 t|
008 021223s1972 sp ||||1| spa d
080 _a711.4
100 1 _aAymonino, Carlo.
_924184
245 1 0 _aOrígenes y desarrollo de la ciudad moderna /
_cC. Aymonino ; [traducción y recopilación de textos clásicos: Laboratorio de Urbanismo de la Universidad de Barcelona].
260 _aBarcelona :
_bGustavo Gili,
_c[1972]
300 _a329 p. :
_bil. ;
_c24 cm.
490 1 _aColección ciencia urbanística ;
_v2
505 8 _aContiene además: Ciudades-jardín del mañana / E. Howard -- Una ciudad industrial / T. Garnier -- Proyectos 1912-1961 / L. Hilberseimer -- Sosgorod / N.A. Miljutin
650 1 4 _aPlanes urbanísticos.
_916103
700 1 _aHoward, Ebenezer.
_964382
700 1 _aGarnier, Tony.
_955617
700 1 _aHilberseimer, Ludwig.
_963674
700 1 _aMiljutin, N.A.
_981116
830 0 _aColección ciencia urbanística ;
_v2
_9186992
852 _aES-MaACL
_jC-48890
_bR.84502
999 _c22166
_d22166